Estudio del impuesto sobre la renta Personas morales 2019 /

Bibliographic Details
Main Author: Přez Chv̀ez, Još
Other Authors: Fol Olgun̕, Raymundo
Format: eBook
Language:Spanish
Published: Ciudad de Mx̌ico: Tax Editores, 2019
Subjects:
Online Access:Acceso restringido

MARC

LEADER 00000nam a22000007a 4500
005 20190514225933.0
007 cr|||| ||||
008 190514s2019 mx |||||s|||| 00||0 spa d
020 |a 978-607-629-369-0 
035 |a 23399 
040 |a vLex 
090 |c 8703  |d 8703 
100 1 |a Přez Chv̀ez, Još 
245 1 0 |a Estudio del impuesto sobre la renta  |h [Recurso electrn̤ico] :  |b Personas morales 2019 /  |c Jos ̌Přez Chv̀ez, Raymundo Fol Olgun̕ 
256 |a Servicio en ln̕ea 
260 |a Ciudad de Mx̌ico:  |b Tax Editores,  |c 2019 
300 |a 1 recurso electrn̤ico 
500 |a Entre los tributos ms̀ importantes del sistema fiscal mexicano se encuentra el impuesto sobre la renta (ISR), el cual, por lo general, grava la renta (utilidades) de las personas fs̕icas y morales. Por esta razn̤ hemos elaborado esta obra denominada Estudio del impuesto sobre la renta. Personas morales. Su principal objetivo es presentar a los lectores un extenso anl̀isis de las disposiciones fiscales relacionadas con dicho gravamen mediante el marco ter̤ico de cada tema, y la resolucin̤ de diversos casos prc̀ticos. El lector encontrar ̀en esta obra, entre otros, los siguientes temas relativos a las personas morales del rǧimen general de ley, del rǧimen de flujo de efectivo, del rǧimen de actividades agrc̕olas, ganaderas, silvc̕olas y pesqueras, as ̕como de los coordinados: 1. Determinacin̤ de los pagos provisionales y del impuesto del ejercicio. 2. Tratamiento de las přdidas fiscales. 3. Cl̀culo de la base gravable y del importe de la PTU. 4. Determinacin̤ de la parte deducible en el ISR correspondiente a los pagos a trabajadores que se encuentren exentos de este impuesto. 5. Cl̀culo de la deduccin̤ de inversiones y del costo de lo vendido. 6. Determinacin̤ del ajuste anual por inflacin̤ acumulable y deducible. 7. Tratamiento de las přdidas y utilidades cambiarias. 8. Cl̀culo de la cuenta de utilidad f iscal neta (Cufin) y de la cuenta de capital de aportacin̤ (Cuca). 9. Determinacin̤ de la retencin̤ del ISR por los pagos de salarios. 10. Rǧimen opcional para grupos de sociedades. El libro incluye, entre otros, los ordenamientos fiscales siguientes: 1. La Ley de Ingresos de la Federacin̤ vigente. 2. La Resolucin̤ Miscelǹea Fiscal. Estamos seguros de que esta obra ser ̀de gran utilidad para las personas encargadas del cumplimiento de las obligaciones fiscales dentro de las empresas, profesionales del r̀ea fiscal, estudiantes de nuestra legislacin̤ fiscal y, en general, para toda persona interesada en temas fiscales. 
506 1 |a Disponible solo en los productos indicados  |d vLex Global  |d vLex Global (Academic Edition, excluding Law Schools)  |d vLex Global (U.S. Academic Edition, Law Schools)  |d vLex Global (U.S. Academic Edition, excluding Law Schools)  |d vLex Global (Academic Edition, Law Schools) 
650 0 4 |a Derecho Fiscal  |z Mx̌ico 
650 0 4 |a Imposicin̤ directa  |z Mx̌ico 
700 1 |a Fol Olgun̕, Raymundo 
740 0 |a vLex Libros (Servicio en ln̕ea) 
856 4 0 |u http://vlex.com/source/estudio-del-impuesto-sobre-la-renta-personas-morales-2019-23399  |z Acceso restringido 
942 |c BOOK 
999 0 |a Tax Law 
999 0 |a Direct taxation